000 00782nam a2200229 i 4500
001 121858
003 ES-MaACL
005 20250827235900.0
007 t|
008 070214s1973 sp |||| | spa d
080 _a009:37
245 0 0 _aCrisis en las humanidades /
_cH. Plumb y la colaboración de M.I. Finley, Ernest Geliner, Alec Vidler ... [et al.] ; [traducción, Miguel Fernández].
260 _aBarcelona :
_bPlaneta,
_c1973.
300 _a204 p. ;
_c20 cm.
490 1 _aDifusión cultural Planeta ;
_v4
650 7 _aHumanidades-
_xEstudio y enseñanza
_2
_9162252
700 1 _aPlumb, J. H.
_9186541
700 1 _aFinley, M. I.
_950914
830 0 _aDifusión cultural Planeta ;
_v4
_9183332
852 _aES-MaACL
_jC-55499
999 _c121858
_d121858